Особенности и виды рекламы в туризме; Актуальные проблемы гуманитарных наук

Detalles Bibliográficos
Parent link:Актуальные проблемы гуманитарных наук.— 2005.— С. 365-367
Autor Principal: Киселёва Е. С.
Idioma:ruso
Publicado: 2005
Subjects:
Formato: MixedMaterials Capítulo de libro
KOHA link:https://koha.lib.tpu.ru/cgi-bin/koha/opac-detail.pl?biblionumber=139940

MARC

LEADER 00000naa2a2200000 4500
001 139940
005 20231031141920.0
035 |a (RuTPU)RU\TPU\book\151606 
090 |a 139940 
100 |a 20080617d2005 k y0rusy50 ca 
101 0 |a rus 
102 |a RU 
200 1 |a Особенности и виды рекламы в туризме  |f Е. С. Киселёва 
320 |a Библиогр.: 3 назв. 
463 0 |0 (RuTPU)RU\TPU\book\118298  |t Актуальные проблемы гуманитарных наук  |o труды IV международной научно-практической конференции студентов, аспирантов и молодых ученых, 20-21 апреля 2005, Томск  |f Томский политехнический университет  |v С. 365-367  |d 2005  |p 458 с. 
610 1 |a реклама 
610 1 |a туризм 
610 1 |a информация 
610 1 |a информирование 
610 1 |a клиенты 
610 1 |a туристический рынок 
610 1 |a рынок 
610 1 |a спрос 
610 1 |a труды учёных ТПУ 
700 1 |a Киселёва  |b Е. С. 
801 1 |a RU  |b 63413507  |c 20080617  |g PSBO 
942 |c BK